000
00267nam a22001097a 4500
082
_a
954.91 SHA'M
100
_a
SHAFIQ, BARAILVI
_9
76050
245
_a
MUHAMMAD BIN QASIM SAY MUHAMMAD ALI JINNAH TAK
260
_a
KARACHI
_b
NAFEES
_c
1980
300
_a
168P
942
_c
BK
999
_c
581453
_d
581453